Chemical principles : (Record no. 3891)

MARC details
000 -LEADER
fixed length control field 00911cam a2200277 a 4500
001 - CONTROL NUMBER
control field 13461049
003 - CONTROL NUMBER IDENTIFIER
control field OSt
005 - DATE AND TIME OF LATEST TRANSACTION
control field 20160506183015.0
008 - FIXED-LENGTH DATA ELEMENTS--GENERAL INFORMATION
fixed length control field 040116s2005 nyua 001 0 eng
010 ## - LIBRARY OF CONGRESS CONTROL NUMBER
LC control number 2004040423
020 ## - INTERNATIONAL STANDARD BOOK NUMBER
International Standard Book Number 071675701X (cloth)
040 ## - CATALOGING SOURCE
Original cataloging agency DLC
Transcribing agency DLC
Modifying agency DLC
050 00 - LIBRARY OF CONGRESS CALL NUMBER
Classification number QD33.2
Item number .A74 2005
082 00 - DEWEY DECIMAL CLASSIFICATION NUMBER
Classification number 540
Edition number 22
Item number ATK 2005
100 1# - MAIN ENTRY--PERSONAL NAME
Personal name Atkins, P. W.
9 (RLIN) 8543
245 10 - TITLE STATEMENT
Title Chemical principles :
Remainder of title the quest for insight /
Statement of responsibility, etc. Peter Atkins, Loretta Jones.
250 ## - EDITION STATEMENT
Edition statement 3rd ed.
260 ## - PUBLICATION, DISTRIBUTION, ETC. (IMPRINT)
Place of publication, distribution, etc. New York :
Name of publisher, distributor, etc. W.H. Freeman,
Date of publication, distribution, etc. 2005.
300 ## - PHYSICAL DESCRIPTION
Extent 1 v. (various pagings) :
Other physical details col.ill ;
Dimensions 29 cm.
500 ## - GENERAL NOTE
General note Includes index.
650 #0 - SUBJECT ADDED ENTRY--TOPICAL TERM
Topical term or geographic name as entry element Chemistry.
9 (RLIN) 797
700 1# - ADDED ENTRY--PERSONAL NAME
Personal name Jones, Loretta.
9 (RLIN) 8258
906 ## - LOCAL DATA ELEMENT F, LDF (RLIN)
a 7
b cbc
c orignew
d 1
e ocip
f 20
g y-gencatlg
942 ## - ADDED ENTRY ELEMENTS (KOHA)
Source of classification or shelving scheme Dewey Decimal Classification
Koha item type Short Loan
Holdings
Withdrawn status Lost status Source of classification or shelving scheme Damaged status Not for loan Home library Current library Date acquired Source of acquisition Inventory number Total Checkouts Full call number Barcode Checked out Date last seen Date last checked out Price effective from Koha item type Total Renewals
    Dewey Decimal Classification     MUST Main Library MUST Main Library 06/05/2016   2005/24007 1 540 ATK 2005 2016-1613 13/02/2025 13/02/2025 13/02/2025 06/05/2016 Short Loan  
    Dewey Decimal Classification     MUST Main Library MUST Main Library 15/09/2016   04/21564 1 540 ATK 2005 2016-4227   28/09/2016 15/09/2016 15/09/2016 Open Shelf  
    Other/Generic Classification Scheme     MUST Main Library MUST Main Library 11/10/2016   04/21567 4 540 ATK 2005 2016-4726   24/03/2017 14/03/2017 11/10/2016 Open Shelf 1
    Dewey Decimal Classification     MUST Main Library MUST Main Library 19/10/2016   04/22831   540 ATK 2005 2016-4840   19/10/2016   19/10/2016 Open Shelf  
    Dewey Decimal Classification     MUST Main Library MUST Main Library 20/03/2018   04/21566   540 ATK 2005 2018-0198   20/03/2018   20/03/2018 Open Shelf